000 00806nam a22002777a 4500
001 BR8105443
003 BR-BrBNA
005 20230928091035.0
007 ta
008 230509b bl.||||| |||| 00| 0 por d
040 _aBR-BrBNA
_bpor
_cBiblioteca Nacional de Agricultura
041 _a(Por)
072 _aL73
_b6100
_b4140
090 _ 6100 BR8105443
100 1 _aNarimatsu, M.N.
100 1 _aNakano, M.
110 1 _aInstituto Biologico, Sao Paulo, SP (Brasil). Secao de Doencas de Aves
_95697
245 1 _aTecnica do controle da coccidiose atraves do oocistograma [ave domestica]
260 3 _aSao Paulo, SP (Brasil):
_c[nd].
300 _a4 p.
500 _aPublished 1981?
650 _aCOCCIDIOSE
650 _aAVE DOMESTICA
909 _a202309
_bLucia
_c55
_dLucia Elande
942 _cBK
999 _c31904
_d31904